000 00287nam a22001217a 4500
008 180807b xxu||||| |||| 00| 0 eng d
082 _a813.52
245 _aManagement Information Systems
_cLaudon,K.C
260 _c2007
300 _a1
_fCD
440 _x9780132234276
942 _2ddc
_cMX
999 _c46881
_d46881